Statistiques concernant Les plus grandes villes traversees par L'Elbe

Cliquez ici pour prendre le quiz!

Statistiques générales

  • Ce quiz a été pris 8 fois
  • Le résultat moyen est 2 sur 5

Statistiques - réponses

PopulationVilles% Correct
1.841 millionHambourg
100%
554,649Dresden
25%
92,763Hradec Kralove
13%
238,697Magdebourg
13%
93,020Ústí nad Labem
13%

Distribution des résultats

Percentile par nombre de réponses

% des personnes avec chaque résultat

Votre développement - résultats

Vous n’avez pas pris ce quiz